[Event "Ottawa National Capital op"]
[Site "Ottawa"]
[Date "2018.11.16"]
[Round "1"]
[White "Gordon, David"]
[Black "Mohamed, Ehab"]
[Result "1-0"]
[WhiteElo "2301"]
[BlackElo "1992"]
[PlyCount "85"]
[EventDate "2018.11.16"]
[EventType "swiss"]
[EventRounds "5"]
[EventCountry "CAN"]
[SourceTitle "EXT 2022"]
[Source "ChessBase"]
[SourceDate "2021.10.06"]
[SourceVersion "1"]
[SourceVersionDate "2021.10.06"]
[SourceQuality "1"]

1. d4 d5 2. Bf4 Nf6 3. e3 g6 4. c4 c6 5. Nc3 Bg7 6. Qb3 0-0 7. Nf3 e6 8. h3 Nbd7 9. cxd5 exd5 10. Bd3 Re8 11. 0-0 Qb6 12. Qc2 Nf8 13. Rfc1 Qd8 14. b4 Qe7 15. Rab1 Ne4 16. b5 Nxc3 17. Qxc3 Bd7 18. Qb3 Ne6 19. Bg3 Red8 20. bxc6 Bxc6 21. Bh4 g5 22. Bg3 Rac8 23. a4 h5 24. a5 Bf8 25. Bf5 h4 26. Bh2 Re8 27. Ne5 Qa3 28. Qxa3 Bxa3 29. Rc3 Bd6 30. Nxc6 Bxh2+ 31. Kxh2 Rxc6 32. Rxc6 bxc6 33. Rb7 c5 34. dxc5 Nxc5 35. Rxa7 Ne4 36. Rc7 Ra8 37. Rc8+ Rxc8 38. Bxc8 Nd6 39. Bb7 f5 40. Bxd5+ Kg7 41. Be6 Kf6 42. Bd7 Ke7 43. a6 1-0